000 00676nam a2200289Ia 4500
005 20260324145241.0
008 008 260324s9999 xx 000 0 eng d
020 _a9781003391913
037 _aEBOOK
040 _aCRL
040 _beng
040 _cCRL
041 _2eng
041 _aeng
084 _qCRL
100 _aAbram Bergson; Herbert S. Levine
_91222303
245 4 _aThe Soviet Economy
245 0 _bToward the Year 2000
260 _bTaylor and Francis
260 _c1983
365 _a
365 _b205
856 _uhttp://www.taylorfrancis.com/books/9781003391913
942 _cEBOOK
999 _c1829940
_d1829940